00635 2200217 4500001002100000005001500021035002500036008004100061090002600102245005400128260004500182300002800227650004800255850001200303007000300315040001700318082002200335084002400357990001800381990001800399YOGYA-0209000002645020191114101818 a0010-020900000026450090227s1952 yoi g ind d aT 328.309922227 Dew U aUlang tahun ke-1 D.P.R Daerah Istimewa Jogjakarta aYogyakarta :bDjawatan Penerangan,c1952 a70 hlm :bilus ;c21 cm 4aDewan Perwakilan Rakyat Daerah - Yogyakarta aYOPDYOGta aYOPDYOGbind04223a328.309922227 a328.309922227 Dew U a14951-PD/A.06 a14952-PD/A.06